<?xml version="1.0" encoding="UTF-8"?>
<record
    xmlns:xsi="http://www.w3.org/2001/XMLSchema-instance"
    xsi:schemaLocation="http://www.loc.gov/MARC21/slim http://www.loc.gov/standards/marcxml/schema/MARC21slim.xsd"
    xmlns="http://www.loc.gov/MARC21/slim">

  <leader>00837cam a2200229 a 4500</leader>
  <controlfield tag="003">CDMR</controlfield>
  <controlfield tag="005">20140409180602.0</controlfield>
  <controlfield tag="008">131016s2013    spc |||  |||| 000 0dspa|d</controlfield>
  <datafield tag="017" ind1=" " ind2=" ">
    <subfield code="a">DL B. 17492-2013</subfield>
    <subfield code="b">Biblioteca de Catalunya</subfield>
  </datafield>
  <datafield tag="020" ind1=" " ind2=" ">
    <subfield code="a">9788482647487 (cart.)</subfield>
  </datafield>
  <datafield tag="040" ind1=" " ind2=" ">
    <subfield code="c">CDMR</subfield>
  </datafield>
  <datafield tag="100" ind1="1" ind2=" ">
    <subfield code="a">Gaziel</subfield>
    <subfield code="d">1887-1964</subfield>
    <subfield code="9">49</subfield>
  </datafield>
  <datafield tag="245" ind1="1" ind2="0">
    <subfield code="a">Tot s'ha perdut</subfield>
    <subfield code="b">: el catalanisme pol&#xED;tic entre 1922 i 1934 </subfield>
    <subfield code="c">Gaziel ; pr&#xF2;leg: Enric Juliana ; edici&#xF3;: Jordi Amat</subfield>
  </datafield>
  <datafield tag="260" ind1=" " ind2=" ">
    <subfield code="a">Barcelona </subfield>
    <subfield code="b">RBA La Magrana</subfield>
    <subfield code="c">2013</subfield>
  </datafield>
  <datafield tag="300" ind1=" " ind2=" ">
    <subfield code="a">285 p. </subfield>
    <subfield code="c">22 cm</subfield>
  </datafield>
  <datafield tag="490" ind1="0" ind2=" ">
    <subfield code="a">Biblioteca del catalanisme</subfield>
  </datafield>
  <datafield tag="500" ind1=" " ind2=" ">
    <subfield code="a">Recull d'articles apareguts al diari La Vanguardia entre 1922 i 1934</subfield>
  </datafield>
  <datafield tag="546" ind1=" " ind2=" ">
    <subfield code="a">Text en castell&#xE0;, portada i pr&#xF2;leg en catal&#xE0;</subfield>
  </datafield>
  <datafield tag="651" ind1=" " ind2="7">
    <subfield code="a">Catalunya</subfield>
    <subfield code="x">Pol&#xED;tica i govern</subfield>
    <subfield code="y">1885-1931</subfield>
    <subfield code="2">lemac</subfield>
  </datafield>
  <datafield tag="700" ind1="1" ind2=" ">
    <subfield code="a">Amat, Jordi</subfield>
    <subfield code="d">1978-</subfield>
    <subfield code="9">4555</subfield>
  </datafield>
  <datafield tag="942" ind1=" " ind2=" ">
    <subfield code="c">MON</subfield>
  </datafield>
  <datafield tag="999" ind1=" " ind2=" ">
    <subfield code="c">6716</subfield>
    <subfield code="d">6716</subfield>
  </datafield>
  <datafield tag="952" ind1=" " ind2=" ">
    <subfield code="0">0</subfield>
    <subfield code="1">0</subfield>
    <subfield code="4">0</subfield>
    <subfield code="7">0</subfield>
    <subfield code="a">CDMR</subfield>
    <subfield code="b">CDMR</subfield>
    <subfield code="d">2014-04-09</subfield>
    <subfield code="e">Intercanvi</subfield>
    <subfield code="g">21.00</subfield>
    <subfield code="l">3</subfield>
    <subfield code="m">2</subfield>
    <subfield code="o">Du 5/5</subfield>
    <subfield code="p">CDMR1404301212</subfield>
    <subfield code="r">2016-12-12</subfield>
    <subfield code="s">2016-12-02</subfield>
    <subfield code="w">2014-04-09</subfield>
    <subfield code="y">MON</subfield>
  </datafield>
</record>
